Normal view
MARC view
Entry Personal Name
001 - CONTROL NUMBER
- control field: 7259
003 - CONTROL NUMBER IDENTIFIER
- control field: BD-RjUL
005 - DATE AND TIME OF LATEST TRANSACTION
- control field: 20230402153608.0
008 - FIXED-LENGTH DATA ELEMENTS
- fixed length control field: 230402|| aca||aabn | a|a d
040 ## - CATALOGING SOURCE
- Original cataloging agency: BD-RjUL
- Transcribing agency: BD-RjUL
100 ## - HEADING--PERSONAL NAME
- Personal name: Masuduzzaman, A.S.M. Co-Supervisor
670 ## - SOURCE DATA FOUND
- Source citation: Work cat.: (BD-RjUL)81317: Bulbul, Sheikh Helena 7254, Sustainable use of Water for some selected Hybrid and Inbred Rice Cultivation the Floodplain Areas (AEZ 26 AND AEZ 28) of Bangladesh :, 2013